书目信息 |
| 题名: |
太极文化与东亚舞蹈文化
|
|
| 作者: | 向开明 著 | |
| 分册: | ||
| 出版信息: | 北京 民族出版社 2006 |
|
| 页数: | 24,373页 | |
| 开本: | 21cm | |
| 丛书名: | ||
| 单 册: | ||
| 中图分类: | G852.11 , J732.2 | |
| 科图分类: | ||
| 主题词: | 太极拳--研究 , 民族舞蹈--研究--东亚 , 太极拳 , 民族舞蹈 | |
| 电子资源: | ||
| ISBN: | 7-105-07802-2 | |
| 000 | 00918nam0 2200289 450 | |
| 001 | 003428027 | |
| 005 | 20140611154747.60 | |
| 010 | @a7-105-07802-2@dCNY32.00 | |
| 100 | @a20070226d2006 em y0chiy0110 ea | |
| 101 | 0 | @achi |
| 102 | @aCN@b110000 | |
| 105 | @ay z 000yy | |
| 106 | @ar | |
| 200 | 1 | @a太极文化与东亚舞蹈文化@9tai ji wen hua yu dong ya wu dao wen hua@f向开明著 |
| 210 | @a北京@c民族出版社@d2006 | |
| 215 | @a24,373页@d21cm | |
| 300 | @a延边大学“211工程”资助出版项目 | |
| 330 | @a本书共分4章,内容包括:太极文化的源流、东亚舞蹈文化的特点、太极文化对东亚传统舞蹈文化的影响、以及太极“气韵”与东亚舞蹈文化“韵律”之关联。 | |
| 606 | 0 | @a太极拳@x研究 |
| 606 | 0 | @a民族舞蹈@x研究@y东亚 |
| 606 | 0 | @a太极拳 |
| 606 | 0 | @a民族舞蹈 |
| 690 | @aG852.11@v4 | |
| 690 | @aJ732.2@v4 | |
| 701 | 0 | @a向开明@9xiang kai ming@4著 |
| 801 | 0 | @aCN@bNLC@c20070704 |
| 905 | @b548911-13@dG852.11@e273@f3 | |
| 太极文化与东亚舞蹈文化/向开明著.-北京:民族出版社,2006 |
| 24,373页;21cm |
| 延边大学“211工程”资助出版项目 |
| ISBN 7-105-07802-2:CNY32.00 |
| 本书共分4章,内容包括:太极文化的源流、东亚舞蹈文化的特点、太极文化对东亚传统舞蹈文化的影响、以及太极“气韵”与东亚舞蹈文化“韵律”之关联。 |
| ● |
| 相关链接 |
|
|
|
|
正题名:太极文化与东亚舞蹈文化
索取号:G852.11/273
 
预约/预借
| 序号 | 登录号 | 条形码 | 馆藏地/架位号 | 状态 | 备注 |
| 1 | 548911 | 205489112 | 第一样本阅览室/ [索取号:G852.11/273] | 在馆 | |
| 2 | 548912 | 205489121 | 第四借阅区/ [索取号:G852.11/273] | 在馆 | |
| 3 | 548913 | 205489130 | 音乐系资料室/ [索取号:G852.11/273] | 在馆 |